00645 a2200205 4500003000400000005001700004008004100021020002100062035001300083037004300096040000800139082000600147100002600153245005800179260004000237270008800277300002300365490002600388500002500414dpl20220929145414.0220929b ||||| |||| 00| 0 eng d a818673497c75.00 aB-211075 bRP-PV-4 / PANSY-07-08:5 / RP-07-08:ENG cdpl14aN1 aGardner, Erle Stanley1 aThe case of the Waylaid Wolfcby Erle Stanley Gardner aBangalorebMaster Mind Booksc2005r aNo. 25, Vasan Towers, Dr. TCM Royan Raode560053k080-26705679mvasanbks@bgl.net.in a208 pc18 cm (pbk) aA perry mason mystery aThis is reprint 2005